| 000 | 00499nam a2200145Ia 4500 | ||
|---|---|---|---|
| 008 | 140724s9999 xx 000 0 und d | ||
| 050 |
_aTS 155 _b.B826 2014 |
||
| 100 | _aBravo, Kristoffer James D. | ||
| 245 |
_aInventory monitoring system for trendy and cool / _cKristoffer James D. Bravo. |
||
| 260 |
_aLas PiƱas, Philippines : _bSouthville International School and Colleges, _cc2014. |
||
| 300 |
_a92 p. : _bill. ; _c28 cm. |
||
| 521 | _aInformation Technology | ||
| 942 | _cTH | ||
| 999 |
_c229311 _d229311 |
||